header

Reading the vampire (Record no. 730)

MARC details
000 -LEADER
fixed length control field 01284nam a2200337 a 4500
082 04 - DEWEY DECIMAL CLASSIFICATION NUMBER
Classification number 809.3/9375
100 1# - MAIN ENTRY--AUTHOR NAME
Personal name Gelder, Ken,
245 10 - TITLE STATEMENT
Title Reading the vampire
260 ## - PUBLICATION, DISTRIBUTION, ETC. (IMPRINT)
Place of publication London ;
-- New York :
Name of publisher Routledge,
Year of publication 1994.
300 ## - PHYSICAL DESCRIPTION
Number of Pages xi, 161 p.
490 1# - SERIES STATEMENT
Series statement Popular fictions series
650 #0 - SUBJECT ADDED ENTRY--TOPICAL TERM
Topical Term Vampires in literature.
Topical Term Vampire films
856 40 - ELECTRONIC LOCATION AND ACCESS
Uniform Resource Identifier http://site.ebrary.com/lib/rucke/Doc?id=5004121

No items available.

© 2026 Rongo University
Contact us: librarian | system librarian | Rongo university